| 000 | 01141nam a22002657a 4500 | ||
|---|---|---|---|
| 005 | 20240530110342.0 | ||
| 008 | 141119s2011 le g b 001 0 ara d | ||
| 020 | _a97899538245306 | ||
| 040 | _aEG-CaGPL | ||
| 082 | 0 | 4 |
_221 _a214.27\ _bع إ |
| 100 | 0 | _aعبدالرحمن حسن محمود | |
| 245 | 1 | 2 |
_aالاسلام و المسيحية فى شرق افريقيا : _bمن القرن 18 الى القرن 20 / _cعبدالرحمن حسن محمود |
| 250 | _aط 1 | ||
| 260 |
_aبيروت : _bمركز دراسات الوحدة العربية ، _c2011 |
||
| 300 |
_a368 ص ؛ _c24 سم |
||
| 490 |
_aسلسلة اطروحات الدكتوراه ؛ _v97 |
||
| 504 | _aببليوجرافية : ص 331 - 352 | ||
| 650 | 0 | 4 | _aالاسلام والمسيحية |
| 650 | 0 | 4 |
_aالاسلام _zافريقيا الشرقية |
| 650 | 0 | 4 |
_aالاسلام _xحركات _zشرق افريقيا |
| 650 | 0 | 4 |
_aانتشار المسيحية _zشرق افريقيا |
| 651 | 0 | 4 |
_aافريقيا الشرقية _xالاحوال الدينية |
| 942 |
_2ddc _cBK |
||
| 999 |
_c59904 _d59904 |
||